Visualizzazione normale
Vista MARC
- Heyward Dubose
di Personal Name
Records bibliografici associati: 1
001 - CONTROL NUMBER
- control field: 5630
003 - CONTROL NUMBER IDENTIFIER
- control field: IT-RoPau
005 - DATE AND TIME OF LATEST TRANSACTION
- control field: 20131216205301.0
008 - FIXED-LENGTH DATA ELEMENTS
- fixed length control field: 131216|| aca||aabn | a|a d
040 ## - CATALOGING SOURCE
- Original cataloging agency: IT-RoPau
- Transcribing agency: IT-RoPau
100 ## - HEADING--PERSONAL NAME
- Personal name: Heyward Dubose
- Relator term: Autore testo e musica
- Miscellaneous information: Codice autore testo/musica SPICS: 24225
670 ## - SOURCE DATA FOUND
- Source citation: Work cat.: (IT-RoPau)103278: Gershwin George 5625, Porgy and Bess (3 Lp Rl 02109)